Anuario de los temas y sus protagonistas 2004 /

Salvato in:
Dettagli Bibliografici
Altri autori: Sol, Ramón (coordinación) (coordinación)
Natura: Libro
Lingua:spagnolo
Pubblicazione: Barcelona, España : Difusora Internacional, 2005, c2005
Soggetti:
Tags: Aggiungi Tag
Nessun Tag, puoi essere il primo ad aggiungerne!!

MARC

LEADER 00000nam^a2200000^a^4500
001 000179981
005 20250521000000.0
009 20260310101841.829
020 |a 84-674-1282-8 
037 |a Acervo ITESO - Biblioteca 
041 |a ESP 
082 |a 903.  |b TEM 2004 
240 1 1 |a [Anuario de los temas y protagonistas] 
245 0 0 |a Anuario de los temas y sus protagonistas 2004 /  |c Coord. de R. Sol. 
264 4 |a Barcelona, España :  |b Difusora Internacional,  |c 2005, c2005 
300 |a 2 v. (573 p.) 
336 |a texto  |b txt  |2 rdacontenido 
337 |a sin mediación  |b n  |2 rdamedio 
338 |a volumen  |b nc  |2 rdasoporte 
649 |a XX 
650 |a Anuarios 
650 |a Pintura Moderna -  |x Historia y Crítica 
650 |a Pintura Española -  |x Historia y Crítica 
650 |a Arte Moderno -  |x Historia y Crítica 
650 |a Arte Español -  |x Historia y Crítica 
650 |a Vivienda -  |z Europa 
650 |a Familia 
650 |a Deportes -  |x Administración 
650 |a Marte (Planeta) 
650 |a Corazón -  |x Enfermedades 
650 |a Monarquía -  |z Europa 
650 |a Terrorismo 
650 |a Seguridad Nacional -  |z España 
650 |a Seguridad Internacional 
650 |a Política -  |z Rusia -  |x Historia -  |y Putin, 1999-2008 
650 |a Cronología Histórica -  |y 2000-2009 
650 |a Cronología Histórica -  |y Siglo XXI 
650 |a Historia Moderna 
650 |a Historia Universal 
650 |a Enciclopedias y Diccionarios 
650 |a Dalí, Salvador 
700 |a Sol, Ramón  |e (coordinación) 
910 |a Fondo General 
920 |a Impresos - Libros 
930 |a Obras de Referencia 
905 |a 102 
901 |a 0500119640  |b IT2  |c REF  |u 20250521 
901 |a 0500119643  |b IT2  |c REF  |u 20250521 
902 |a https://opac.biblio.iteso.mx/vufind/Record/000179981